Производство говядины на промышленной основе : (Record no. 297487)
[ view plain ]
| 000 -LEADER | |
|---|---|
| fixed length control field | 01519nam a2200217 u 4500 |
| 001 - CONTROL NUMBER | |
| control field | 000824284 |
| 003 - CONTROL NUMBER IDENTIFIER | |
| control field | AM-YeHGA |
| 005 - DATE AND TIME OF LATEST TRANSACTION | |
| control field | 20250617144620.0 |
| 008 - FIXED-LENGTH DATA ELEMENTS--GENERAL INFORMATION | |
| fixed length control field | 110721s1973 ||| r 000 0 rus d |
| 040 ## - CATALOGING SOURCE | |
| Original cataloging agency | AM-YeHGA |
| 041 0# - LANGUAGE CODE | |
| Language code of text/sound track or separate title | rus |
| 090 ## - LOCALLY ASSIGNED LC-TYPE CALL NUMBER (OCLC); LOCAL CALL NUMBER (RLIN) | |
| -- | 299180 |
| 100 1# - MAIN ENTRY--PERSONAL NAME | |
| Personal name | Всяких, А.С. |
| 245 10 - TITLE STATEMENT | |
| Title | Производство говядины на промышленной основе : |
| Remainder of title | Лекция для студентов-заочников зоотехнического, агрономического, экономического, инженерного факультетов и слушателей одногодичного заочного экономического факультета повышения квалификации руководящих кадров и специалистов сельского хозяйства / |
| Statement of responsibility, etc. | А.С. Всяких, А.А. Фирстов; М-во сельского хозяйства СССР, Глав. упр. высшего и среднего сельскохозяйственного образования; Всесоюзный сельскохозяйственный ин-т заочного образования. |
| 260 ## - PUBLICATION, DISTRIBUTION, ETC. | |
| Place of publication, distribution, etc. | Москва : |
| Name of publisher, distributor, etc. | Б. и., |
| Date of publication, distribution, etc. | 1973. |
| 300 ## - PHYSICAL DESCRIPTION | |
| Extent | 46 с. |
| 504 ## - BIBLIOGRAPHY, ETC. NOTE | |
| Bibliography, etc. note | Библиогр.: с. 46 |
| 653 0# - INDEX TERM--UNCONTROLLED | |
| Uncontrolled term | Животноводство |
| 710 1# - ADDED ENTRY--CORPORATE NAME | |
| Corporate name or jurisdiction name as entry element | Фирстов, А.А. |
| 710 2# - ADDED ENTRY--CORPORATE NAME | |
| Corporate name or jurisdiction name as entry element | Всесоюзный сельскохозяйственный институт заочного образования |
| Withdrawn status | Lost status | Damaged status | Not for loan | Collection | Home library | Current library | Date acquired | Total checkouts | Full call number | Barcode | Date last seen | Price effective from | Koha item type | Public note |
|---|---|---|---|---|---|---|---|---|---|---|---|---|---|---|
| General | Fundamental Scientific Library | Fundamental Scientific Library | 09/01/2017 | PII/306732 | FL0200099 | 09/01/2017 | 09/01/2017 | Գրքեր / Books | 30 Days Loan |
ՀՀ Գիտությունների ազգային ակադեմիայի հիմնարար գիտական գրադարան = Fundamental Scientific Library of NAS RA
All site content, except where otherwise noted, is licensed under a